Štatistické výsledky o nezamestnanosti v Slovenskej republike

Gespeichert in:
Bibliographische Detailangaben
Format: Schriftenreihe
Sprache:Slowakisch
Veröffentlicht: Bratislava Národný úrad práce
Schlagworte:
Tags: Tag hinzufügen
Keine Tags, Fügen Sie das erste Tag hinzu!

MARC

LEADER 00000nas1a22000001 4500
001 s120243
005 20230329103410.9
041 0 |a slo 
044 |a SK 
245 1 0 |a Štatistické výsledky o nezamestnanosti v Slovenskej republike 
264 1 |a Bratislava  |b Národný úrad práce 
610 2 0 |a nezamestnanosť 
610 2 0 |a štatistika 
610 2 0 |a úrady práce